Vplyv vybraných nanomateriálov na ľudské zdravie
Enregistré dans:
| Auteur principal: | |
|---|---|
| Autres auteurs: | |
| Format: | Manuscrit Livre |
| Langue: | slovaque |
| Publié: |
2019
|
| Sujets: | |
| Accès en ligne: | http://is.stuba.sk/zp/portal_zp.pl?podrobnosti=143187 |
| Tags: |
Pas de tags, Soyez le premier à ajouter un tag!
|
MARC
| LEADER | 00000ntm a22000003a 4500 | ||
|---|---|---|---|
| 001 | stuzp74675 | ||
| 003 | SK-STU | ||
| 005 | 20190601211628.3 | ||
| 007 | ta | ||
| 008 | 150427s2015----xo-----f-mn---000-0-slo-d | ||
| 040 | |a STU |b slo | ||
| 041 | 0 | |a slo | |
| 100 | 1 | |a Majerová, Michaela |u 046290 |k Z4 |4 aut |U FCHPT Ústav chemického a environmentálneho inžinierstva |T FCHPT Oddelenie environmentálneho inžinierstva |X 64251 |U C6290 |Y 120 |7 64251 | |
| 242 | 0 | 1 | |a The impact of selected nanomaterials on human health |y eng |
| 245 | 1 | 0 | |a Vplyv vybraných nanomateriálov na ľudské zdravie |
| 260 | |c 2019 | ||
| 650 | 4 | |a nanomateriály |2 slo | |
| 650 | 4 | |a toxicita |2 slo | |
| 650 | 4 | |a fototoxicita |2 slo | |
| 650 | 4 | |a nanomedicína |2 slo | |
| 650 | 4 | |a nanokozmetika |2 slo | |
| 650 | 4 | |a phototoxicity |2 eng | |
| 650 | 4 | |a nanomedicine |2 eng | |
| 650 | 4 | |a toxicity |2 eng | |
| 650 | 4 | |a nanomaterials |2 eng | |
| 650 | 4 | |a nanocosmetics |2 eng | |
| 700 | 1 | |a Mackuľak, Tomáš |u 046290 |k Z1 |4 ths |U FCHPT Ústav chemického a environmentálneho inžinierstva |T FCHPT Oddelenie environmentálneho inžinierstva |X 25433 |U C6290 |Y 120 |7 A000025433 | |
| 856 | 4 | |u http://is.stuba.sk/zp/portal_zp.pl?podrobnosti=143187 | |